UNIX power tools (Record no. 6249)
[ view plain ]
| 000 -LEADER | |
|---|---|
| fixed length control field | 00441 a2200157 4500 |
| 020 ## - INTERNATIONAL STANDARD BOOK NUMBER | |
| International Standard Book Number | 8170296927 |
| 082 ## - DEWEY DECIMAL CLASSIFICATION NUMBER | |
| Classification number | 005.432 |
| 090 ## - LOCALLY ASSIGNED LC-TYPE CALL NUMBER (OCLC); LOCAL CALL NUMBER (RLIN) | |
| -- | 2319 |
| -- | 2319 |
| 100 ## - MAIN ENTRY--PERSONAL NAME | |
| Personal name | Peek, Jerry D. |
| 245 ## - TITLE STATEMENT | |
| Title | UNIX power tools |
| Statement of responsibility, etc. | Jerry Peek |
| 260 ## - PUBLICATION, DISTRIBUTION, ETC. | |
| Place of publication, distribution, etc. | New Delhi: |
| Name of publisher, distributor, etc. | BPB Publications, |
| Date of publication, distribution, etc. | 1996 |
| 300 ## - PHYSICAL DESCRIPTION | |
| Extent | xiii, 1129p |
| Other physical details | . :ill. |
| Dimensions | 24 cm. |
| 500 ## - GENERAL NOTE | |
| General note | Includes Index |
| 650 ## - SUBJECT ADDED ENTRY--TOPICAL TERM | |
| Topical term or geographic name entry element | 1.UNIX (Computer file)2.Utilities (Computer programs) |
| 942 ## - ADDED ENTRY ELEMENTS (KOHA) | |
| Koha item type | Book |
| Call number prefix | 005.432 PEE |
| Withdrawn status | Lost status | Damaged status | Not for loan | Collection code | Permanent Location | Current Location | Shelving location | Source of acquisition | Cost, normal purchase price | Total Checkouts | Full call number | Barcode | Date last seen | Price effective from | Koha item type |
|---|---|---|---|---|---|---|---|---|---|---|---|---|---|---|---|
| Central Library (CL) | Central Library (CL) | First Floor - Operating System/ Data Structure | Good Book Shop, Rawalpindi | 150.00 | 005.432 PEE | SEECS000030 | 11/14/2012 | 01/05/2017 | Book | ||||||
| Central Library (CL) | Central Library (CL) | First Floor - Operating System/ Data Structure | Good Book Shop, Rawalpindi | 150.00 | 005.432 PEE | SEECS000032 | 11/14/2012 | 01/05/2017 | Book | ||||||
| Central Library (CL) | Central Library (CL) | First Floor - Operating System/ Data Structure | Good Book Shop, Rawalpindi | 150.00 | 005.432 PEE | SEECS000033 | 11/14/2012 | 01/05/2017 | Book | ||||||
| Central Library (CL) | Central Library (CL) | First Floor - Operating System/ Data Structure | Good Book Shop, Rawalpindi | 150.00 | 005.432 PEE | SEECS000034 | 11/14/2012 | 01/05/2017 | Book | ||||||
| Central Library (CL) | Central Library (CL) | First Floor - Operating System/ Data Structure | Good Book Shop, Rawalpindi | 150.00 | 005.432 PEE | SEECS000031 | 11/14/2012 | 01/05/2017 | Book |
